Normal view
MARC view
- برت، سرل؛ ترجمة عبده، سمير
Entry Personal Name
001 - CONTROL NUMBER
- control field: 38535
003 - CONTROL NUMBER IDENTIFIER
- control field: JO-AjAnu
005 - DATE AND TIME OF LATEST TRANSACTION
- control field: 20230606080421.0
008 - FIXED-LENGTH DATA ELEMENTS
- fixed length control field: 230606|| aca||aabn | a|a d
040 ## - CATALOGING SOURCE
- Original cataloging agency: JO-AjAnu
- Transcribing agency: JO-AjAnu
100 ## - HEADING--PERSONAL NAME
- Personal name: برت، سرل؛ ترجمة عبده، سمير
670 ## - SOURCE DATA FOUND
- Source citation: Work cat.: (JO-AjAnu)19766: برت، سرل؛ ترجمة عبده، سمير, author, علم النفس الديني